ბათუმის შოთა რუსთაველის სახელმწიფო უნივერსიტეტის ბიბლიოთეკა

Архитектурное проектирование промышленных здании: Архитектурно-композиционные и обьемно-планировочные решения. (ბიბ.ჩანაწერი № 37357)

000 -LEADER
fixed length control field 00913nam a2200229Ia 4500
001 - CONTROL NUMBER
control field 3316
003 - CONTROL NUMBER IDENTIFIER
control field GE_BSU
008 - FIXED-LENGTH DATA ELEMENTS--GENERAL INFORMATION
fixed length control field 181216s||||||||xx |||||||||||||| ||und||
040 ## - CATALOGING SOURCE
Transcribing agency GE_BSU
080 ## - UNIVERSAL DECIMAL CLASSIFICATION NUMBER
Universal Decimal Classification number 72.4(075.8)
100 ## - MAIN ENTRY--PERSONAL NAME
Personal name Орловский,Б.Я. Абрамов,В.К. Сербинович,П.П.
245 ## - TITLE STATEMENT
Title Архитектурное проектирование промышленных здании: Архитектурно-композиционные и обьемно-планировочные решения.
245 ## - TITLE STATEMENT
Remainder of title Учеб. пособие
245 ## - TITLE STATEMENT
Statement of responsibility, etc. Ред.Т.Ф.Мельнилова.
250 ## - EDITION STATEMENT
Edition statement 2-ое изд., перераб. и доп.
260 ## - PUBLICATION, DISTRIBUTION, ETC.
Place of publication, distribution, etc. М.
260 ## - PUBLICATION, DISTRIBUTION, ETC.
Name of publisher, distributor, etc. Высш. школа.
260 ## - PUBLICATION, DISTRIBUTION, ETC.
Date of publication, distribution, etc. 1982.
300 ## - PHYSICAL DESCRIPTION
Extent 279 стр. с илл.
653 ## - INDEX TERM--UNCONTROLLED
Uncontrolled term Архитектурное проектирование промышленных здании.
942 ## - ADDED ENTRY ELEMENTS (KOHA)
Koha item type წიგნი
ეგზემპლარები
Withdrawn status Lost status Damaged status Not for loan Date acquired Barcode Date last seen Price effective from Koha item type
        2018-12-17 8499 2018-12-17 2018-12-17 წიგნი
        2018-12-17 8500 2018-12-17 2018-12-17 წიგნი
        2018-12-17 8501 2018-12-17 2018-12-17 წიგნი
        2018-12-17 8502 2018-12-17 2018-12-17 წიგნი